Statistiques concernant Madison Beer - Silence Between Songs order

Cliquez ici pour prendre le quiz!

Statistiques générales

  • Ce quiz a été pris 31 fois
  • Le résultat moyen est 11 sur 14

Statistiques - réponses

orderRéponse% Correct
417
96%
5ryder
92%
1spinnin
92%
11dangerous
88%
10home to another one
88%
14king of everything
88%
12reckless
88%
13silence between songs
88%
3envy the leaves
84%
2sweet relief
84%
8at your worst
68%
6nothing matters but you
68%
9showed me (How I fell In Love With You)
68%
7i wonder
56%

Distribution des résultats

Percentile par nombre de réponses

% des personnes avec chaque résultat

Votre développement - résultats

Vous n’avez pas pris ce quiz